000 00631nam a2200253Ia 4500
003 0100
008 130303s9999 xx 000 0 und d
020 _a0333372980
040 _cARRUPELIB
050 _aD511.O69
245 4 _aThe origins of the First Worl War
245 _bgreat power rivalry and German war aims
250 _a2nd ed.
260 _aHampshire
260 _bMacmillan
260 _C1984
300 _a402p.
300 _b 22cm
650 _bTheology, Doctrinal - Africa
650 _cShona (African people) - Religion
650 _dSymbolism
700 _aKoch, H. W. (ed.)
942 _2lcc
_03
999 _c63896
_d63896